Sesame Street Foodie Truck-Missing Ingredients - Statistics

General Stats
  • This quiz has been taken 45 times
  • The average score is 33 of 71
Answer Stats
Name of Recipe Missing Ingredient % Correct
Apple Pie Apples
97%
Cranberry Muffins Cranberries
97%
Tuna Fish and Avocado Sandwich Avocado
94%
Fruit Salad with Grapes Grapes
94%
Mushroom and Pineapple Pizza Pineapple
94%
Oatmeal Oats
84%
Fruit Smoothies Milk
77%
Linguine with Olive Oil and Garlic Olive Oil
71%
Blueberry Trail Mix Blueberries
68%
Cocoa Cashew Smoothie Cashews
68%
Birthday Cake Eggs
68%
Baked Tofu with Vegetables Tofu
68%
Hummus Chickpeas
65%
Cinnamon Toast Cinnamon
65%
Veggie Burger with Ketchup Ketchup
65%
Apple Slice and Peanut Butter Sandwiches Peanut Butter
65%
Tacos Taco Shells
65%
Banana Chips Bananas
61%
Stir Fry Brussels Sprouts Brussels Sprouts
61%
Cornbread Corn
61%
Succotash Onions
61%
Sunflower Butter and Jelly Sandwich Sunflower Butter
61%
Sweet Potato Fries Sweet Potato
61%
Cauliflower Rice Cauliflower
58%
Celery Butterflies Celery
58%
Cherry Pie Cherries
58%
Buttermilk Biscuits Honey
58%
Pancakes with Banana and Syrup Maple Syrup
58%
Mushroom Quiche Mushrooms
58%
Angel Hair Pasta with Veggies Noodles
58%
Guacamole Garlic
55%
Goat Cheese Pasta Goat Cheese
55%
Apple-Spinach Baby Food Spinach
55%
Peanut Butter and Jelly Sandwich Strawberry Jelly
55%
Zucchini Noodles Zucchini
55%
Watermelon Ice Pops Watermelon
52%
Mint Iced Tea Mint Leaves
45%
Cheese and Pickle Sandwiches Pickles
45%
Plum Pie Plums
45%
Pumpkin Soup Pumpkin
42%
Açaí Berry Purée Açaí Berries
39%
S'mores Chocolate
39%
Vanilla Pup-siciles Vanilla Bean
39%
Grater Cake Coconut
35%
Vegetable Fried Rice Rice
35%
California Sushi Roll Seaweed
35%
Black Bean and Cheese Arepas Black Beans
32%
Baba ghanoush with Pita Bread. Eggplant
32%
Mexican Alphabet Soup Tomatoes
32%
Mango Salsa Mangoes
29%
Pea Soup Peas
29%
Honeydew Melon Bingsu Honeydew
26%
Green-Fruit Salad Kiwi
26%
Tostones with Mojo Plantains
26%
Beet and Watermelon Salad Beets
23%
Caprese Salad Mozzarella Cheese
23%
Turkey Sandwich with Mustard Mustard
23%
Pretzel Salt
23%
Grass-Like Vegetable String Beans
23%
Roasted Asparagus with Cheese Asparagus
19%
Figs in a Blanket Figs
19%
Meskouta Oranges
19%
Papaya Dessert Papayas
19%
Nopales Tacos Prickly Pear Cactus Leaves
19%
Quinoa Breakfast Bowl with Peaches Quinoa
19%
Edamame Edamame
16%
Red Lentil Dahl Lentils
16%
Pesto Pasta Pine Nuts
16%
Dino Dip Artichoke
13%
Vietnamese Spring Rolls Mung Bean Sprouts
13%
Fruit Sculpture Starfruit
13%
No matching quizzes found
Score Distribution
Percent of People with Each Score
Percentile by Number Answered
Your Score History
You have not taken this quiz